| 000 | 00426nam a2200181Ia 4500 | ||
|---|---|---|---|
| 001 | 19637 | ||
| 005 | 20260306172708.0 | ||
| 008 | 260306t2021||||xx |||||||||||||| ||spa|| | ||
| 041 | _aESP | ||
| 082 |
_a340.7 _bR91 |
||
| 100 |
_aRubio Correa, Marcial Antonio _eAUT |
||
| 245 | 0 | _aEl sistema educativo peruano | |
| 260 | _c2021 | ||
| 300 |
_apágs. : _ccm. |
||
| 650 | _aGEN | ||
| 654 | _aCDE | ||
| 942 |
_cLIB _dJUS _fJUS _2ddc _n |
||
| 999 |
_c19637 _d19637 |
||